000 00628nam a2200181Ia 4500
003 GCL
008 140319s9999 xx 000 0 ara d
040 _aGCL /
_cGCL
082 0 4 _a415.1
_bر ك
100 1 _aالرمانى , ابوالحسن على بن عيسى
245 1 0 _aكتاب معانى الحروف /
_cالرمانى , ابوالحسن على بن عيسى
260 _aالقاهرة :
_bدار نهضة مصر للطبع والنشر
300 _a199 ص ؛
_c24 سم
650 0 4 _aالحروف
650 0 4 _aاللغة العربية - النحو
650 0 4 _aالنحو - الحروف
942 _2ddc
_cBK
999 _c43090
_d43090